Diplomatari d'Alguaire i del seu monestir duple de l'orde de Sant Joan de Jerusalem (1245 - 1300) / estudi i edició a cura de Jesús Alturo i Perucho
ISBN:
978-84-9975-001-9
Descripción Física:
713 p. ; 24 cm
Colección:
Diplomataris ; 59
MARC
| LEADER | 00000nam a2200000Ia 4500 | ||
|---|---|---|---|
| 001 | 23244 | ||
| 008 | 160829s2010 xx 000 0 cat d | ||
| 020 | |a 978-84-9975-001-9 | ||
| 080 | |a A-3-16 | ||
| 245 | |a Diplomatari d'Alguaire i del seu monestir duple de l'orde de Sant Joan de Jerusalem (1245 - 1300) / estudi i edició a cura de Jesús Alturo i Perucho | ||
| 260 | |a Barcelona : |b Fundació Noguera ; Lleida : |b Pagès, |c 2010 | ||
| 300 | |a 713 p. ; |c 24 cm | ||
| 490 | |a Diplomataris ; 59 | ||
| 650 | |a Diplomatica |x Alguaire |9 37498 | ||
| 650 | |a Alguaire |x Història |x Fonts |9 37499 | ||
| 700 | 1 | |a Alturo i Perucho, Jesús |9 46092 | |
| 700 | |a Fundació Noguera |9 70407 | ||
| 901 | |a Arxiu | ||
| 942 | |n 1 | ||
| 952 | |0 0 |1 0 |4 0 |6 A316 |7 1 |9 53251 |a Arxiu |b Arxiu |d 2011-09-09 |l 0 |o A-3-16 |p 23244 |r 2016-12-01 00:00:00 |w 2016-12-01 |y ARXIU | ||
| 999 | |c 57115 |d 57115 | ||